| 000 | 00935nac a22003017a 4500 | ||
|---|---|---|---|
| 001 | BR8802493 | ||
| 003 | BR-BrBNA | ||
| 005 | 20240105120803.0 | ||
| 008 | 230509b bl.|||m| |||| 00| 0 por d | ||
| 040 |
_aBR-BrBNA _bpor _cBiblioteca Nacional de Agricultura |
||
| 072 | _aF30; A50 | ||
| 090 | _a0150 BR8802493 | ||
| 110 | 1 | _aEmpresa Capixaba de Pesquisa Agropecuaria, Vitoria, ES (Brasil) | |
| 245 | 1 | _aDia de campo especial. EEL - fazenda experimental sooretama | |
| 260 | 3 |
_aVitoria, ES (Brasil): _c1986. |
|
| 300 | _a53 p. | ||
| 490 |
_aDocumentos - Empresa Capixaba de Pesquisa Agropecuaria (Brazil) _vno. 25 _xISSN 0101-8949 |
||
| 500 | _a40 tables | ||
| 650 | _aARROZ | ||
| 650 | _aFEIJAO | ||
| 650 | _aMILHO | ||
| 650 | _aMANDIOCA | ||
| 650 | _aSORGO | ||
| 650 | _aMELHORAMENTO GENETICO VEGETAL | ||
| 650 | _aFAZENDA EXPERIMENTAL | ||
| 909 |
_a202312 _bLúcia Elande _c55 _dLúcia Elande |
||
| 942 |
_2AGRIS _n0 _cMS |
||
| 999 |
_c281406 _d281406 |
||